| 000 | 00582nam a2200205Ia 4500 | ||
|---|---|---|---|
| 005 | 20250508152804.0 | ||
| 008 | 008 250505s9999 xx 000 0 san d | ||
| 037 | _aTextual | ||
| 040 |
_aFEDL _beng _cFEDL |
||
| 041 |
_asan _2san |
||
| 084 |
_a181.4, KES _qFEDL |
||
| 100 |
_aKeshavmishrpraneeta _9762389 |
||
| 245 | 0 | _aTark Bhasha | |
| 260 |
_aBanaras, India _bChowkhamba-Sanskrit-Series _c1953 |
||
| 300 | _a264p. | ||
| 490 | _aKashi Sanskrit Granthmala | ||
| 650 |
_aOriental Philosophy _9755543 |
||
| 942 |
_cTEXL _h181.4, KES |
||
| 999 |
_c1338762 _d1338762 |
||